| 000 | 01114nam a2200241Ia 4500 | ||
|---|---|---|---|
| 003 | Ost | ||
| 005 | 20260507075238.0 | ||
| 008 | 260507s9999||||xx |||||||||||||| ||und|| | ||
| 020 | _a34643299579 | ||
| 040 | _cfsecg | ||
| 041 | _aara | ||
| 082 | _a330 | ||
| 100 |
_aالحميري، باسم _eمؤلف |
||
| 245 | 0 |
_aالإستشارات الادارية / _c باسم الحميري |
|
| 260 |
_aعمان: _bدار الحامد للنشر والتوزيع, _c2010 |
||
| 300 |
_a197 صفحة؛ _bإيضاحات ؛ _c24 سم |
||
| 504 | _aمراجع ص.196؛ ملاحق ص.183 | ||
| 520 | _aمدخل الى الاستشارات -حاجات الزوبون الاستشاري- بدايات المهمة الاستشارية - مراحل العملية الاستشارية ، الاتصال الفعال بالزبون -تطوير قابليات الاستشاري- معوقات العمل الاستشاري- الاستشاري الداخلي . | ||
| 653 | _aإدارة الاعمال | ||
| 653 | _aالإستشارات الإدارية | ||
| 653 | _aالتنمية الإدارية | ||
| 942 | _cكتاب | ||
| 999 |
_c43601 _d43601 |
||